| 000 | 00806cab a2200253 4500 | ||
|---|---|---|---|
| 001 | ABS60175 | ||
| 008 | 090401t1999 xxu||||| |||| 00| 0 eng d | ||
| 035 | _a(Sirsi) u91516 | ||
| 041 | _aeng | ||
| 100 | _aCallaghan, D. | ||
| 245 | _aOpportunity knocks | ||
| 260 | _c1999 | ||
| 350 | _a0 | ||
| 490 |
_aInside Housing _v16(7) 19 February 1999, 14(1) |
||
| 520 | _aIn recent years, housing associations have seen their funds decrease steadily. However, this year`s development programme, encourages local authorities to get involved in the regeneration of their areas. | ||
| 650 | _aHOUSING ASSOCIATIONS | ||
| 650 | _aHOUSING CORPORATION | ||
| 650 | _aINVESTMENT | ||
| 650 | _aLOCAL AUTHORITIES | ||
| 650 | _aREGENERATION | ||
| 690 | _aHOUSING-FINANCE | ||
| 942 | _n0 | ||
| 948 | _c23/02/1999 | ||
| 999 |
_c58094 _d58094 |
||